<?xml version="1.0" encoding="UTF-8"?>
<record
    xmlns:xsi="http://www.w3.org/2001/XMLSchema-instance"
    xsi:schemaLocation="http://www.loc.gov/MARC21/slim http://www.loc.gov/standards/marcxml/schema/MARC21slim.xsd"
    xmlns="http://www.loc.gov/MARC21/slim">

  <leader>01899nam0a22004091  4500</leader>
  <controlfield tag="001">v19\rc\1576964</controlfield>
  <controlfield tag="005">20260412062650.0</controlfield>
  <datafield tag="035" ind1=" " ind2=" ">
    <subfield code="a">(NLR Aleph) 004835746</subfield>
  </datafield>
  <datafield tag="090" ind1=" " ind2=" ">
    <subfield code="a">4769408</subfield>
    <subfield code="c">4769408</subfield>
  </datafield>
  <datafield tag="100" ind1=" " ind2=" ">
    <subfield code="a">20061002d1893    |||y0rusy50      ca</subfield>
  </datafield>
  <datafield tag="101" ind1="1" ind2=" ">
    <subfield code="a">rus</subfield>
    <subfield code="c">fre</subfield>
  </datafield>
  <datafield tag="102" ind1=" " ind2=" ">
    <subfield code="a">RU</subfield>
  </datafield>
  <datafield tag="105" ind1=" " ind2=" ">
    <subfield code="a">c   z   |||||</subfield>
  </datafield>
  <datafield tag="200" ind1="1" ind2=" ">
    <subfield code="a">&#x41F;&#x430;&#x440;&#x438;&#x436; &#x432; &#x410;&#x43C;&#x435;&#x440;&#x438;&#x43A;&#x435;</subfield>
    <subfield code="f">&#x42D;. &#x434;&#x435; &#x41B;&#x430;&#x431;&#x443;&#x43B;&#x44D;</subfield>
    <subfield code="g">&#x41F;&#x435;&#x440;. &#x441; 36 &#x438;&#x437;&#x434;. &#x421;.&#x41C;. &#x411;&#x440;&#x438;&#x43B;&#x44C;&#x44F;&#x43D;&#x442;&#x430;</subfield>
    <subfield code="g">[&#x421; &#x43F;&#x440;&#x435;&#x434;&#x438;&#x441;&#x43B;. &#x430;&#x432;&#x442;.</subfield>
    <subfield code="g">&#x41F;&#x440;&#x435;&#x434;&#x438;&#x441;&#x43B;.: &#x41C;. &#x41B;&#x435;&#x434;&#x435;&#x440;&#x43B;&#x435;]</subfield>
  </datafield>
  <datafield tag="210" ind1=" " ind2=" ">
    <subfield code="a">&#x421;&#x430;&#x43D;&#x43A;&#x442;-&#x41F;&#x435;&#x442;&#x435;&#x440;&#x431;&#x443;&#x440;&#x433;</subfield>
    <subfield code="c">&#x41C;.&#x41C;. &#x41B;&#x435;&#x434;&#x435;&#x440;&#x43B;&#x435; &#x438; &#x41A;&#xB0;</subfield>
    <subfield code="d">1893</subfield>
  </datafield>
  <datafield tag="215" ind1=" " ind2=" ">
    <subfield code="a">VIII, 430, II &#x441;., 1 &#x43B;. &#x444;&#x440;&#x43E;&#x43D;&#x442;. (&#x43F;&#x43E;&#x440;&#x442;&#x440;.)</subfield>
    <subfield code="d">17</subfield>
  </datafield>
  <datafield tag="225" ind1="1" ind2=" ">
    <subfield code="a">&#x41C;&#x43E;&#x44F; &#x431;&#x438;&#x431;&#x43B;&#x438;&#x43E;&#x442;&#x435;&#x43A;&#x430;</subfield>
    <subfield code="v">&#x2116;&#x2116; 32-36</subfield>
  </datafield>
  <datafield tag="300" ind1=" " ind2=" ">
    <subfield code="a">&#x41D;&#x430; &#x43E;&#x431;&#x43B;.: &#x42D;&#x434;&#x443;&#x430;&#x440;&#x434; &#x434;&#x435;-&#x41B;&#x430;&#x431;&#x443;&#x43B;&#x44D;</subfield>
  </datafield>
  <datafield tag="300" ind1=" " ind2=" ">
    <subfield code="a">&#x41D;&#x430; &#x448;&#x43C;&#x443;&#x446;&#x442;&#x438;&#x442;. &#x437;&#x430;&#x433;&#x43B;. &#x442;&#x430;&#x43A;&#x436;&#x435; &#x43D;&#x430; &#x444;&#x440;. &#x44F;&#x437;.: Paris en Am&#xE9;rique, par le docteur Ren&#xE9; Lefebvre parisien de la Soci&#xE9;t&#xE9; des Contribuables de France et des Administr&#xE9;s de Paris...</subfield>
  </datafield>
  <datafield tag="300" ind1=" " ind2=" ">
    <subfield code="a">&#x41F;&#x440;&#x435;&#x434;&#x438;&#x441;&#x43B;.: &#x41C;. &#x41B;&#x435;&#x434;&#x435;&#x440;&#x43B;&#x435;</subfield>
  </datafield>
  <datafield tag="517" ind1="0" ind2=" ">
    <subfield code="a">Paris en Am&#xE9;rique</subfield>
  </datafield>
  <datafield tag="700" ind1=" " ind2="1">
    <subfield code="8">rus</subfield>
    <subfield code="7">ca</subfield>
    <subfield code="a">&#x41B;&#x430;&#x431;&#x443;&#x43B;&#x435;</subfield>
    <subfield code="b">&#x42D;. &#x420;. &#x41B;.</subfield>
    <subfield code="f">1811-1883</subfield>
    <subfield code="g">&#x42D;&#x434;&#x443;&#x430;&#x440; &#x420;&#x435;&#x43D;&#x435; &#x41B;&#x435;&#x444;&#x435;&#x432;&#x440;</subfield>
    <subfield code="3">RU\NLR\AUTH\7776408</subfield>
    <subfield code="9">59336</subfield>
  </datafield>
  <datafield tag="702" ind1=" " ind2="1">
    <subfield code="4">730</subfield>
    <subfield code="8">rus</subfield>
    <subfield code="7">ca</subfield>
    <subfield code="a">&#x411;&#x440;&#x438;&#x43B;&#x438;&#x430;&#x43D;&#x442;</subfield>
    <subfield code="b">&#x421;. &#x41C;.</subfield>
    <subfield code="f">&#x43E;&#x43A;.1860-&#x43E;&#x43A;.1930</subfield>
    <subfield code="g">&#x421;&#x435;&#x43C;&#x435;&#x43D; &#x41C;&#x43E;&#x438;&#x441;&#x435;&#x435;&#x432;&#x438;&#x447;</subfield>
    <subfield code="3">RU\NLR\AUTH\7793455</subfield>
    <subfield code="9">76381</subfield>
  </datafield>
  <datafield tag="702" ind1=" " ind2="1">
    <subfield code="a">&#x41B;&#x435;&#x434;&#x435;&#x440;&#x43B;&#x435;</subfield>
    <subfield code="b">&#x41C;.&#x41C;.</subfield>
    <subfield code="g">&#x41C;&#x438;&#x445;&#x430;&#x438;&#x43B; &#x41C;&#x438;&#x445;&#x430;&#x439;&#x43B;&#x43E;&#x432;&#x438;&#x447;</subfield>
    <subfield code="4">080</subfield>
  </datafield>
  <datafield tag="790" ind1=" " ind2="1">
    <subfield code="9">z01700</subfield>
    <subfield code="a">&#x41B;&#x430;&#x431;&#x443;&#x43B;&#x44D;</subfield>
    <subfield code="b">&#x42D;.&#x420;.&#x41B;. &#x434;&#x435;</subfield>
    <subfield code="f">1811-1883</subfield>
    <subfield code="g">&#x42D;&#x434;&#x443;&#x430;&#x440; &#x420;&#x435;&#x43D;&#x435; &#x41B;&#x435;&#x444;&#x435;&#x432;&#x440; &#x434;&#x435;</subfield>
  </datafield>
  <datafield tag="790" ind1=" " ind2="1">
    <subfield code="9">z02702</subfield>
    <subfield code="a">&#x411;&#x440;&#x438;&#x43B;&#x44C;&#x44F;&#x43D;&#x442;</subfield>
    <subfield code="b">&#x421;.&#x41C;.</subfield>
    <subfield code="f">&#x43E;&#x43A;. 1860-</subfield>
    <subfield code="g">&#x421;&#x435;&#x43C;&#x435;&#x43D; &#x41C;&#x43E;&#x438;&#x441;&#x435;&#x435;&#x432;&#x438;&#x447;</subfield>
  </datafield>
  <datafield tag="801" ind1=" " ind2="0">
    <subfield code="a">RU</subfield>
    <subfield code="b">NLR</subfield>
    <subfield code="g">psbo</subfield>
  </datafield>
  <datafield tag="801" ind1=" " ind2="0">
    <subfield code="a">RU</subfield>
    <subfield code="b">RuMoRGB</subfield>
    <subfield code="2">psbo</subfield>
  </datafield>
  <datafield tag="801" ind1=" " ind2="1">
    <subfield code="a">RU</subfield>
    <subfield code="b">ProSoft-M</subfield>
    <subfield code="2">rusmarc</subfield>
  </datafield>
  <datafield tag="852" ind1=" " ind2=" ">
    <subfield code="a">NLR</subfield>
    <subfield code="j">18.195.5.30(14)</subfield>
  </datafield>
  <datafield tag="899" ind1=" " ind2=" ">
    <subfield code="a">RuMoRGB</subfield>
    <subfield code="j">M 59/132</subfield>
  </datafield>
  <datafield tag="899" ind1=" " ind2=" ">
    <subfield code="a">RuMoRGB</subfield>
    <subfield code="j">W 22/169</subfield>
  </datafield>
  <datafield tag="899" ind1=" " ind2=" ">
    <subfield code="a">&#x411;&#x410;&#x41D;</subfield>
  </datafield>
  <datafield tag="899" ind1=" " ind2=" ">
    <subfield code="a">&#x41D;&#x411; &#x421;&#x41F;&#x431;&#x413;&#x423;</subfield>
  </datafield>
  <datafield tag="942" ind1=" " ind2=" ">
    <subfield code="c">BOOK</subfield>
  </datafield>
  <datafield tag="980" ind1=" " ind2=" ">
    <subfield code="a">NB</subfield>
  </datafield>
  <datafield tag="995" ind1=" " ind2=" ">
    <subfield code="5">2013-10-26</subfield>
    <subfield code="b">NLR02</subfield>
    <subfield code="c">NLR02</subfield>
    <subfield code="e">RFS</subfield>
    <subfield code="f">4835746-10</subfield>
    <subfield code="k">18.195.5.30</subfield>
    <subfield code="o">0</subfield>
    <subfield code="r">BOOK</subfield>
    <subfield code="s">18195530_</subfield>
  </datafield>
  <datafield tag="995" ind1=" " ind2=" ">
    <subfield code="5">2013-10-26</subfield>
    <subfield code="b">NLR01</subfield>
    <subfield code="c">NLR01</subfield>
    <subfield code="e">TEMP</subfield>
    <subfield code="f">4835746-40</subfield>
    <subfield code="o">0</subfield>
    <subfield code="r">BOOK</subfield>
  </datafield>
  <datafield tag="995" ind1=" " ind2=" ">
    <subfield code="5">2013-10-26</subfield>
    <subfield code="b">NLR01</subfield>
    <subfield code="c">NLR01</subfield>
    <subfield code="e">TEMP</subfield>
    <subfield code="f">4835746-50</subfield>
    <subfield code="o">0</subfield>
    <subfield code="r">BOOK</subfield>
  </datafield>
</record>
